000 00742nam a2200193 i 4500
001 37532
003 ES-MaACL
005 20251122063111.0
007 t|
008 180430s1889 fr ||||1| fre d
100 1 _aMontessus de Ballore, Fernand de,
_d1851-1923
_982612
245 1 0 _aRépartition horaire diurne-nocturne des sèismes et leur prétendue relation avec les culminatións de la lune /
_cpar F. de Montessus de Ballore.
260 _a[Paris :
_bs.n.],
_c1889]
300 _a16 p. ;
_c32 cm.
594 _aPrecede al tít.: Archives des sciences physiques et naturelles de Genéve, 3e période, t. XXII, 15 novembre 1889.
650 4 _aTerremotos.
_9136925
852 _aES-MaACL
_jT-502-F-9
999 _c37532
_d37532